<?xml version="1.0" encoding="UTF-8"?>
<record
    xmlns:xsi="http://www.w3.org/2001/XMLSchema-instance"
    xsi:schemaLocation="http://www.loc.gov/MARC21/slim http://www.loc.gov/standards/marcxml/schema/MARC21slim.xsd"
    xmlns="http://www.loc.gov/MARC21/slim">

  <leader>01223nam a22003137a 4500</leader>
  <controlfield tag="005">20150708142943.0</controlfield>
  <controlfield tag="008">130722s2013    sp il. g     a000 0dspa d</controlfield>
  <datafield tag="020" ind1=" " ind2=" ">
    <subfield code="a">9789588491721</subfield>
  </datafield>
  <datafield tag="041" ind1=" " ind2=" ">
    <subfield code="a">spa</subfield>
  </datafield>
  <datafield tag="044" ind1=" " ind2=" ">
    <subfield code="a">ck</subfield>
  </datafield>
  <datafield tag="082" ind1=" " ind2=" ">
    <subfield code="a">305.8</subfield>
    <subfield code="b">C718w</subfield>
  </datafield>
  <datafield tag="110" ind1="1" ind2=" ">
    <subfield code="9">169</subfield>
    <subfield code="a">Ministerio de Ambiente y Desarrollo Sostenible</subfield>
    <subfield code="b">Ministerio de Ambiente y Desarrollo Sostenible</subfield>
  </datafield>
  <datafield tag="245" ind1="1" ind2="0">
    <subfield code="a">Woummain&#xB4;kalu - Nuestra tierra</subfield>
  </datafield>
  <datafield tag="246" ind1=" " ind2=" ">
    <subfield code="a">Woummain&#xB4;kalu, Wayakanairua shipijala tu mmakalu</subfield>
    <subfield code="b">nosotros somos la crianza de la tierra</subfield>
  </datafield>
  <datafield tag="260" ind1=" " ind2=" ">
    <subfield code="a">Bogot&#xE1;</subfield>
    <subfield code="b">Ministerio de Ambiente y Desarrollo Sostenible</subfield>
    <subfield code="c">2013</subfield>
  </datafield>
  <datafield tag="300" ind1=" " ind2=" ">
    <subfield code="a">24 p.</subfield>
    <subfield code="b">il. (col), fot.</subfield>
    <subfield code="c">45 cm.</subfield>
  </datafield>
  <datafield tag="546" ind1=" " ind2=" ">
    <subfield code="a">Biling&#xFC;e Wayuunaiki - Castellano</subfield>
  </datafield>
  <datafield tag="650" ind1=" " ind2=" ">
    <subfield code="a">Etnia Wayuu</subfield>
    <subfield code="9">21103</subfield>
  </datafield>
  <datafield tag="650" ind1=" " ind2="6">
    <subfield code="a">Cultura tradicional</subfield>
    <subfield code="9">23376</subfield>
  </datafield>
  <datafield tag="650" ind1=" " ind2="6">
    <subfield code="a">Etnoeducaci&#xF3;n</subfield>
    <subfield code="9">8834</subfield>
  </datafield>
  <datafield tag="650" ind1=" " ind2=" ">
    <subfield code="a">Agendas ambientales</subfield>
    <subfield code="9">23377</subfield>
  </datafield>
  <datafield tag="650" ind1=" " ind2=" ">
    <subfield code="a">Participaci&#xF3;n comunitaria</subfield>
    <subfield code="9">3367</subfield>
  </datafield>
  <datafield tag="650" ind1=" " ind2=" ">
    <subfield code="a">Lengua Wayuunaiki</subfield>
    <subfield code="9">23378</subfield>
  </datafield>
  <datafield tag="700" ind1="1" ind2=" ">
    <subfield code="a">Ojeda-Jayariy&#xFA;, Guillermo</subfield>
    <subfield code="e">textos</subfield>
    <subfield code="9">28147</subfield>
  </datafield>
  <datafield tag="700" ind1="1" ind2=" ">
    <subfield code="a">Garcia, Awad</subfield>
    <subfield code="e">textos</subfield>
    <subfield code="9">23380</subfield>
  </datafield>
  <datafield tag="700" ind1="1" ind2=" ">
    <subfield code="a">Ojeda-Jayariy&#xFA;, Guillermo</subfield>
    <subfield code="e">il.</subfield>
    <subfield code="9">28148</subfield>
  </datafield>
  <datafield tag="942" ind1=" " ind2=" ">
    <subfield code="2">ddc</subfield>
    <subfield code="c">LIBRO</subfield>
    <subfield code="0">2</subfield>
  </datafield>
  <datafield tag="999" ind1=" " ind2=" ">
    <subfield code="c">8354</subfield>
    <subfield code="d">8354</subfield>
  </datafield>
  <datafield tag="952" ind1=" " ind2=" ">
    <subfield code="0">0</subfield>
    <subfield code="1">0</subfield>
    <subfield code="2">ddc</subfield>
    <subfield code="4">0</subfield>
    <subfield code="7">0</subfield>
    <subfield code="8">GENERAL</subfield>
    <subfield code="I">INV2017</subfield>
    <subfield code="a">Bogota</subfield>
    <subfield code="b">Bogota</subfield>
    <subfield code="d">2014-04-04</subfield>
    <subfield code="e">Instituto</subfield>
    <subfield code="g">39000.00</subfield>
    <subfield code="l">2</subfield>
    <subfield code="o">LB-305.8 C718w</subfield>
    <subfield code="p">059985</subfield>
    <subfield code="r">2015-01-09 00:00:00</subfield>
    <subfield code="s">2015-01-09</subfield>
    <subfield code="t">Ej. 1</subfield>
    <subfield code="w">2014-04-04</subfield>
    <subfield code="x">Canje</subfield>
    <subfield code="y">LIBRO</subfield>
  </datafield>
</record>
